000 00727nam a2200169 a 4500
008 080111s2007 ||||||||||||||||| || u
050 _aIBRD(08)
100 _aMateru, Peter
245 1 0 _aHigher education quality assurance in Sub-Saharan African: status, challenges, opportunities, and promising practices
260 _aWashington, D. C.
_bWorld Bank
_c2007
300 _axxi, 80p. ::ill.
350 _a0.00
650 0 _aEDUCATIONAL TESTS AND MEASUREMENTS
650 _aTOTAL QUALITY MANAGEMENT IN HIGHER EDUCATION--AFRICA, SUB-SAHARA
710 _aWorld Bank
995 _D0.00
_FCBU-MAIN LIBRARY (Kitwe)
_H1
_I0.00
_M1
_UAVAILABLE
_WJan 11, 2008
_ZInternational Publications
999 _c45538
_d45538